000 00472nam a2200193Ia 4500
005 20240823043139.0
008 240823s9999||||xx |||||||||||||| ||und||
020 _a81-224-0670-X
041 _aENGLISH
082 _A519.4 P0
100 _aXavier C
245 0 _aFortran 77 and Numerical Methods
250 _a1st
260 _c2000
_b"New Age,New Delhi"
500 _aTRANSFERED
650 _aNumerical Methods
_bComputer Science
942 _cBK
999 _c209545
_d209545